000
00238 a2200085 4500
020
_a
9789881296832
100
_a
Beth Ellen Campbell
245
_a
One Works :Architecture, Infrastructure, Urban Engineering /
260
_b
Design media publishing
999
_c
13114
_d
13114